Pays bordant la mer Baltique - Statistiques

Statistiques générales
  • Ce quiz a été pris 34 fois
  • Le résultat moyen est 9 sur 9
Statistiques - réponses
Pays % Correct
Estonie
100%
Lettonie
100%
Lituanie
100%
Russie
100%
Danemark
97%
Finlande
97%
Pologne
97%
Suède
97%
Allemagne
94%
Aucun quiz correspondant
Distribution des résultats
% des personnes avec chaque résultat
Percentile par nombre de réponses
Votre historique - résultats
Vous n’avez pas pris ce quiz